000 00302nam a22001337a 4500
008 170811b xxu||||| |||| 00| 0 eng d
020 _a2900716769018
041 _aeng
080 _27TH
_a51
100 _a36
101 _aMAT
245 _aFOR ALL PRACTICAL PRUPOSES
_cMALKETVICH,J
942 _2udc
_cBK
999 _c23232
_d23232